000 00421pab a2200157 454500
008 180718b2006 xxu||||| |||| 00| 0 eng d
100 _aAcharya, Alka
245 _aA partnership of 'global significance'
260 _c2006
300 _ap.4934-936.
362 _a2 Dec
650 _aIndia - Foreign relations - China
650 _aInternational relations
773 _aEconomic and Political Weekly
909 _a72541
999 _c72541
_d72541